| 000 | 02349cam a22005414i 4500 | ||
|---|---|---|---|
| 003 | PE-LiUPU | ||
| 005 | 20250731172932.0 | ||
| 008 | 170622s2006 mau rb 001 0 eng d | ||
| 020 | _a9004148167 | ||
| 020 | _a9789004148161 | ||
| 035 | _a(Sirsi) a204453 | ||
| 040 |
_aPE-LiUPU _bspa _cPE-LiUPU _erda |
||
| 049 | _aPRUA | ||
| 082 | 0 | 4 |
_a253.08968073 _bE4 _222 |
| 245 | 0 | 0 |
_aEmerging voices, urgent choices : _bessays on latino/a religious leadership / _cby Edwin I. Hernandez, Milagros Peña, Kenneth G. Davis. |
| 264 | 1 |
_aBoston : _bBrill Academic Publishers, _c2006. |
|
| 300 |
_ax, 221 páginas ; _c23 centimetros. |
||
| 336 |
_atext _2rdacontent |
||
| 337 |
_aunmediated _2rdamedia |
||
| 338 |
_avolume _2rdacarrier |
||
| 490 | 0 |
_aReligion in the Americas series _v4 |
|
| 504 | _aBibliografía : páginas 193-212. | ||
| 504 | _aÍndices: páginas 213-221. | ||
| 505 | 0 | _aIntroduction -- Latino/a good ministry as community work -- Hispanic catholic leadership: key to the future -- Latino/a catholic leaders in the united states -- Hispanic ministry in fourteen protestant denominations -- The community-serving activities of hispanic -- Latino/a clergy and churches in political and social action in the united states --If the pastor says "let's do it," gets done: success stories in latino social ministry. | |
| 526 | _aSEG42 | ||
| 526 | _aSEG41 | ||
| 526 | _aSEG40 | ||
| 526 | _aSEG39 | ||
| 526 | _aP94 | ||
| 526 | _aP87 | ||
| 526 | _aP86 | ||
| 526 | _aP85 | ||
| 526 | _aP77 | ||
| 526 | _aP76 | ||
| 526 | _aP35 | ||
| 650 | 0 | _aLiderazgo cristiano. | |
| 650 | 0 | _aHispanos. | |
| 700 | 1 |
_aDavis, Kenneth G. _d1957- _eeditor. |
|
| 700 | 1 |
_aHernandez, Edwin I. _eeditor. |
|
| 700 | 1 |
_aPeña, Milagros, _d1955- _eeditor. |
|
| 910 |
_ajck _bjvq _cjpc _d20170622 |
||
| 942 |
_2ddc _cBOOK |
||
| 949 |
_a253.08968073 E4 _wDEWEY _c1 _i76254 _lCATALOGING _mBUL _p49.00 _r0 _sY _tBOOK _u2017-06-22 _xTEOLOGÍA _zTEOLOGÍA _0COMPRA _o.CIRCNOTE. El documento es de alto precio. _o.STAFF. Colección Teología |
||
| 994 |
_aC0 _bPEPRU |
||
| 596 | _a1 | ||
| 999 |
_a253.08968073 E4 _wDEWEY _c20805 _i76254 _f2021-11-10 _g4 _lCCODEBUL1 _mBUL _p49.00 _r0 _sY _tBOOK _u2017-6-22 _xTEOLOGIA _PP35 _0DONACION _o.STAFF. Colección Teología _d20805 |
||
| 980 |
_81 _gALBERTO SANCHEZ Responsable de Automatización |
||